LEADER 02936nam 2200637 a 450 001 9910973361703321 005 20250913221452.0 010 $a1-282-36738-2 010 $a0-19-803439-3 010 $a9786612367380 010 $a0-19-518422-X 035 $a(CKB)1000000000029081 035 $a(SSID)ssj0000096205 035 $a(PQKBManifestationID)11119760 035 $a(PQKBTitleCode)TC0000096205 035 $a(PQKBWorkID)10081558 035 $a(PQKB)10776007 035 $a(MiAaPQ)EBC280939 035 $a(Au-PeEL)EBL280939 035 $a(CaPaEBR)ebr10085236 035 $a(CaONFJC)MIL236738 035 $a(OCoLC)437175378 035 $a(OCoLC)1154053800 035 $a(FINmELB)ELB162898 035 $a(ODN)ODN0000124208 035 $a(EXLCZ)991000000000029081 100 $a20010905d2002 uy 0 101 0 $aeng 135 $aurcn||||||||| 181 $ctxt 182 $cc 183 $acr 200 10$aAbraham Lincoln and Civil War America $ea biography /$fWilliam E. Gienapp 205 $a1st ed. 210 $aNew York $cOxford University Press$d2002 215 $axiii, 239 p. $cill., maps 300 $aBibliographic Level Mode of Issuance: Monograph 311 08$a0-19-515099-6 311 08$a0-19-515100-3 320 $aIncludes bibliographical references (p. [228]-232) and index. 327 $aCover Page -- Title Page -- Copyright Page -- Dedication -- Contents -- Preface -- 1 A Son of the Frontier -- 2 Thwarted Ambition -- 3 Rise to Power -- 4 A People's Contest -- 5 From Limited War to Revolution -- 6 Midstream -- 7 To Finish the Task -- 8 With Malice Toward None -- Chronology of Abraham Lincoln -- List of Abbreviations -- Notes -- Bibliographical Essay -- Index. 330 $aIn Abraham Lincoln and Civil War America, historian William Gienapp provides a remarkably concise, up-to-date, and vibrant biography of the most revered figure in United States history. While the heart of the book focuses on the Civil War, Gienapp begins with a finely etched portrait of Lincoln's early life, from pioneer farm boy to politician and lawyer in Springfield, to his stunning election as sixteenth president of the United States. Students will see how Lincoln grew during his years in office, how he developed a keen aptitude for military strategy and displayed enormous skill in dealing with his generals, and how his war strategy evolved from a desire to preserve the Union to emancipation and total war. 606 $aPresidents$zUnited States$vBiography 607 $aUnited States$xPolitics and government$y1861-1865 615 0$aPresidents 676 $a973.7/092 676 $aB 686 $aHIS000000$2bisacsh 700 $aGienapp$b William E$0245898 801 0$bMiAaPQ 801 1$bMiAaPQ 801 2$bMiAaPQ 906 $aBOOK 912 $a9910973361703321 996 $aAbraham Lincoln and Civil War America$94433460 997 $aUNINA LEADER 01465nam 2200457 c 450 001 9911053175203321 005 20240903070216.0 010 $a9783757401290 035 $a(EXLCZ)9944951061200041 100 $a20231113d2024 |y | 101 0 $ager 181 $ctxt$2rdacontent 182 $cc$2rdamedia 183 $acr$2rdacarrier 200 00$aZeiten der Allta?glichkeit$eeine schwer fassbare Erfahrung in den Ku?nsten und der Philosophie$fJonas Cantarella, Dina Emundts, Michael Gamper (Hg.) 210 1$aBerlin$cSchwabe Verlag$d[2024] 215 $a1 Online-Ressource (289 Seiten) 311 08$aErscheint auch als Print-Ausgabe 9783757401283 606 $aAlltag$3(DE-588)4001307-8$2gnd 606 $aAlltäglichkeit$3(DE-588)4384238-0$2gnd 606 $aKünste$3(DE-588)4033422-3$2gnd 606 $aPhilosophie$3(DE-588)4045791-6$2gnd 606 $aTemporalität$3(DE-588)4126982-2$2gnd 606 $aZeitlichkeit$3(DE-588)4134190-9$2gnd 615 7$aAlltag 615 7$aAlltäglichkeit 615 7$aKünste 615 7$aPhilosophie 615 7$aTemporalität 615 7$aZeitlichkeit 676 $a000 676 $a800 676 $a100 676 $a700 702 $aCantarella$b Jonas$4edt 702 $aEmundts$b Dina$f1972-$4edt 702 $aGamper$b Michael$f1967-$4edt 801 0$bCH-ZuSLS UBS A100 912 $a9911053175203321 996 $aZeiten der Allta?glichkeit$94525746 997 $aUNINA